[Event "Rome Cittadino La Lupa"]
[Site "Rome"]
[Date "2011.05.12"]
[Round "2"]
[White "Tamburrini, Andrea"]
[Black "Dorascenzi, Angelo"]
[Result "1/2-1/2"]
[WhiteElo "1472"]
[BlackElo "1395"]
[PlyCount "47"]
[EventDate "2011.05.05"]
[EventType "swiss"]
[EventRounds "7"]
[EventCountry "ITA"]
[SourceTitle "EXT 2024"]
[Source "ChessBase"]
[SourceDate "2023.10.10"]
[SourceVersion "1"]
[SourceVersionDate "2023.10.10"]
[SourceQuality "1"]

1. c4 e5 2. Nc3 Nc6 3. Nf3 Bc5 4. e3 Nf6 5. d4 exd4 6. exd4 Bb4 7. a3 Bxc3+ 8. bxc3 d6 9. h3 b6 10. Bd3 0-0 11. 0-0 d5 12. c5 Re8 13. Bf4 Bb7 14. Qc2 h6 15. Rfe1 Nd7 16. Ne5 bxc5 17. Nxf7 Kxf7 18. Bg6+ Kf8 19. Rxe8+ Qxe8 20. Bxe8 Rxe8 21. Qf5+ Nf6 22. Bxc7 Nxd4 23. Bd6+ Kg8 24. Qg6 1/2-1/2

[Event "Rome Nobile Memorial 4th"]
[Site "Rome"]
[Date "2011.02.23"]
[Round "6"]
[White "Tamburrini, Andrea"]
[Black "Arceri, Paolo"]
[Result "0-1"]
[WhiteElo "1505"]
[BlackElo "1464"]
[PlyCount "88"]
[EventDate "2011.01.13"]
[EventType "swiss"]
[EventRounds "7"]
[EventCountry "ITA"]
[SourceTitle "EXT 2012"]
[Source "ChessBase"]
[SourceDate "2011.11.24"]
[SourceVersion "1"]
[SourceVersionDate "2011.11.24"]
[SourceQuality "1"]

1. d4 d5 2. Nf3 g6 3. e3 Bg7 4. c4 e6 5. c5 c6 6. Nc3 Nf6 7. Bd3 a5 8. a4 0-0 9. 0-0 Qc7 10. e4 dxe4 11. Nxe4 Nxe4 12. Bxe4 Rd8 13. Be3 e5 14. Qd2 Bg4 15. d5 cxd5 16. Rad1 d4 17. Bg5 f6 18. Bh6 Nc6 19. Bxg7 Kxg7 20. h3 Be6 21. g4 Bb3 22. Bc2 Bxc2 23. Qxc2 Nb4 24. Qe4 Rd5 25. Rc1 Rad8 26. Rfd1 d3 27. Rd2 R8d7 28. Qc4 Qc6 29. Qb5 Qc7 30. Qb6 e4 31. Qxc7 Rxc7 32. Ne1 Rdxc5 33. Rxc5 Rxc5 34. Kf1 Nc2 35. f3 Nxe1 36. Kxe1 Rc1+ 37. Kf2 Rc2 38. Ke3 Rxd2 39. Kxd2 f5 40. g5 Kf7 41. f4 Ke6 42. b3 Kd5 43. Kc3 Kc5 44. h4 b6 0-1

[Event "Rome Nobile Memorial 4th"]
[Site "Rome"]
[Date "2011.01.14"]
[Round "2"]
[White "Condemi de Felice, Alfonso"]
[Black "Tamburrini, Andrea"]
[Result "1-0"]
[WhiteElo "1904"]
[BlackElo "1505"]
[PlyCount "55"]
[EventDate "2011.01.13"]
[EventType "swiss"]
[EventRounds "7"]
[EventCountry "ITA"]
[SourceTitle "EXT 2012"]
[Source "ChessBase"]
[SourceDate "2011.11.24"]
[SourceVersion "1"]
[SourceVersionDate "2011.11.24"]
[SourceQuality "1"]

1. d4 d5 2. Nf3 Nf6 3. e3 e6 4. Bd3 Bd6 5. 0-0 0-0 6. b3 c5 7. Bb2 Nc6 8. c3 Qc7 9. Nbd2 e5 10. dxc5 Bxc5 11. e4 Bg4 12. exd5 Nxd5 13. Bxh7+ Kh8 14. Be4 Nf6 15. h3 Nxe4 16. Nxe4 Bxf3 17. Qxf3 Be7 18. Rad1 Kg8 19. Rd2 Rad8 20. Rfd1 Rxd2 21. Rxd2 f5 22. Ng3 Bg5 23. Rd1 e4 24. Qh5 Qe7 25. Ba3 Qxa3 26. Qxg5 Qa5 27. c4 Qc7 28. Nxf5 1-0

[Event "Rome Steinitz op 1st"]
[Site "Rome"]
[Date "2002.07.07"]
[Round "5"]
[White "Tamburrini, Andrea"]
[Black "Vittimberga, Valeria"]
[Result "1-0"]
[WhiteElo "1377"]
[BlackElo "1482"]
[PlyCount "75"]
[EventDate "2002.07.05"]
[EventType "swiss"]
[EventRounds "5"]
[EventCountry "ITA"]
[SourceTitle "EXT 2007"]
[Source "ChessBase"]
[SourceDate "2006.11.23"]
[SourceVersion "1"]
[SourceVersionDate "2006.11.23"]
[SourceQuality "1"]

1. e4 e6 2. d4 d5 3. Nc3 Nf6 4. Bg5 Be7 5. Bd3 0-0 6. Nf3 a6 7. Qd2 Nc6 8. a3 b5 9. b4 Bb7 10. h4 dxe4 11. Bxe4 Nxe4 12. Nxe4 f6 13. Be3 a5 14. Nc5 Bxc5 15. bxc5 b4 16. 0-0 bxa3 17. Rxa3 Nb4 18. Rb1 Bxf3 19. gxf3 Qd5 20. c3 Nc6 21. Kg2 e5 22. dxe5 Qxd2 23. Bxd2 Nxe5 24. Ra4 Rfd8 25. Bf4 Rd5 26. Rb5 Nd3 27. Bxc7 Rc8 28. Bb6 Nf4+ 29. Rxf4 Rc6 30. Bxa5 g5 31. hxg5 fxg5 32. Rg4 h5 33. Re4 Kf7 34. Bb4 Rf5 35. Rb7+ Kf8 36. Ree7 Rcf6 37. c6 g4 38. Rb8# 1-0